000 00470nam a2200145Ia 4500
005 20260328101521.0
008 260328s9999||||xx |||||||||||||| ||und||
100 _aChávez Giraldo, Juan David
245 0 _aHabitarte :
_b La Mirada Crítica Desde el Espacio escultórico Contemporáneo hacua la Arquitectura doméstica Actual /
_cJuan David Chávez Giraldo
250 _a1a ed.
260 _bUniversidad de Antioquia
300 _a141 p.
650 _aARTE
942 _cBK
999 _c9585
_d9585